000 00328 a2200157 4500
001 71705
020 _a8524910755
040 _cAnchieta - Colégio São Paulo
100 _aGaldino, Luiz
240 1 0 _aPopul Vuh
_lpor
245 1 0 _aPopul Vuh
300 _a63
362 0 _a2005
650 4 _aLiteratura juvenil
942 _cBK
999 _c71705
_d71705